000 00599nam a2200205Ia 4500
003 GCL
008 140319s9999 xx 000 0 ara d
040 _aGCL /
_cGCL
082 0 4 _aم
_b370.03
_bا م
100 1 _aسعيد التل
245 1 0 _aالمرجع فى مبادئ التربية /
_cسعيد التل
700 1 _aاحمد ابوهلال
260 _a[S.N] :
_bدار الشروق ،
_c1993
300 _a1123 ص
490 _aدراسة فى ازمة الخليج
_v0
650 0 4 _aالتعليم
650 0 4 _aالتربية
650 0 4 _aالاجتماع
942 _2ddc
_cREF
999 _c59497
_d59497